| 000 | 01721nam0a22003011 4500 | ||
|---|---|---|---|
| 001 | rc\4748174 | ||
| 005 | 20260407041748.0 | ||
| 021 |
_aRU _b[61-15004] |
||
| 035 | _a(NLR Aleph) 009008720 | ||
| 090 |
_a9353657 _c9353657 |
||
| 100 | _a20130417d1961 |||y0rusy50 ca | ||
| 101 | 0 | _arus | |
| 102 | _aRU | ||
| 105 | _aa z ||||| | ||
| 200 | 1 |
_aОбоснование исходных данных к созданию машин для механизации путевых работ на карьерах _eКраткий науч. отчет _fОтв. исполнители: канд. техн. наук А.Н. Шухов, инж. С.М. Ямщиков _gАкад. наук СССР. Ин-т горного дела им. А.А. Скочинского. Лаборатория разработки месторождений открытым способом |
|
| 210 |
_aМосква _cБ. и. _d1961 |
||
| 215 |
_a44 с., включ. обл. _cил. _d21 |
||
| 300 | _aНа обл. перед загл. авт.: С.М. Ямщиков, А.Н. Шухов | ||
| 606 |
_aПутевые работы на карьерах _xМеханизация _2psbo |
||
| 606 |
_aПутевые машины и механизмы _2psbo |
||
| 701 | 1 |
_aЯмщиков _bС.М. _gСергей Михайлович |
|
| 701 | 1 |
_aШухов _bА.Н. _gАлексей Никитич |
|
| 710 | 0 | 2 |
_aИнститут горного дела им. А.А.Скочинского _cМосква _bЛаборатория разработки месторождений открытым способом _3RU\NLR\AUTH\8810013921 _9525752 |
| 801 | 0 |
_aRU _bNLR _gpsbo |
|
| 801 | 1 |
_aRU _bELAR _2rusmarc |
|
| 852 |
_aNLR _j61-6/2299 |
||
| 942 | _cBOOK | ||
| 980 | _aNB | ||